000 00259nam a2200097Ia 4500
001 1204182
005 20250827022723.0
008 250824s9999 xx 000 0 und d
245 0 _aBİLGİN DEDENİN ZAMAN MAKİNESİ
_cNUR İÇÖZÜ
260 _bALTIN KİTAPLAR
999 _c1204182
_d1204182